Arbitragem Nacional e Internacional

Detalles Bibliográficos
Autor principal: Tura, Adevanir
Formato: Libro
Lenguaje:portugués
Publicado: Brasil Editora JH Mizuno 2012
Materias:
Acceso en línea:Acceso restringido

MARC

LEADER 00000nam a22000007a 4500
005 20151217130920.0
007 cr|||| ||u|
008 151217s2012 bl ||||| |||| 00||0 por d
020 |a 978-85-7789-108-5 
035 |a 12986 
040 |a vLex 
090 |c 5756  |d 5756 
100 1 |a Tura, Adevanir  
245 1 0 |a Arbitragem Nacional e Internacional  |h [Recurso electrn̤ico] /  |c Adevanir Tura 
256 |a Servicio en ln̕ea  
260 |a Brasil  |b Editora JH Mizuno  |c 2012 
300 |a 1 recurso electrn̤ico (2® Ediȯ̂ 200p) 
506 1 |a Contenido solo disponible en los productos indicados  |d vLex Global  |d vLex Global (Academic Edition, excluding Law Schools)  |d vLex Global (U.S. Academic Edition, Law Schools)  |d vLex Global (U.S. Academic Edition, excluding Law Schools)  |d vLex Global (Academic Edition, Law Schools) 
650 0 4 |a Derecho   |z Brasil 
740 0 |a vLex libros (servicio en ln̕ea) 
856 4 0 |u http://vlex.com/source/arbitragem-nacional-internacional-12986  |z Acceso restringido  
942 |c BOOK 
999 0 |a Law